000 00191 a2200097 4500
001 5071
100 _aCalder,R
245 _aProfiel of sicnece
260 _a
_bAllen
_c
090 _c4219
_d4219
942 _aNUST-CAE
_cM
_c30511
999 _c240144
_d240144